000 00258nam a22001217a 4500
008 170329b xxu||||| |||| 00| 0 eng d
041 _aeng
080 _a616-053.2
100 _a8
101 _aSHM
245 _aCHILD DEVELOPMENT
_cBERK.L.E
942 _2udc
_cBK
999 _c8931
_d8931